000 00964nam a2200301 i 4500
003 EG-GICUC
005 20260223100616.0
008 260223s2003 fr ||||fr|||| 00| 0 fre d
020 _a2233004191
040 _aEG-GiCUC
_bfre
_cEG-GiCUC
_dEG-GiCUC
_erda
082 0 4 _221
_a341
_bDU . O
092 0 4 _221
099 _aLaw1 11 341 DU . O 2003
100 1 _aDupuy, Pierre-marie
_eAuteur
245 1 0 _aObligations Multilaterales, Droit Imperatif Et Responsabilite Internationale Des Etats /
_b
_cPierre-marie Dupuy.
_n
264 1 _aParis :
_bEditions a.pedone,
_c2003.
300 _a289pages :
_billustrations,
_c24 cm
336 _2rda content
_atext
337 _2rda media
_aComputer
338 _2rda carrier
_aOnline Resource
504 _a
546 _aTexte en français
650 1 4 _aDroit international public
_2
651 1 _2
856 4 0 _uhttps://fll.law.cu.edu.eg/fulltext/bks/B11-00026.pdf
905 _a50
942 _2ddc
_cBK
_e21
_n0
999 _c64031
_d64031